ALTEENATIVE TEST BANK FOR WEITEN'S PSYCHOLOGY THEMES AND VARIATIONS (Record no. 4907)

MARC details
000 -LEADER
fixed length control field 00457nam a22001817a 4500
003 - CONTROL NUMBER IDENTIFIER
control field OSt
005 - DATE AND TIME OF LATEST TRANSACTION
control field 20210920094422.0
008 - FIXED-LENGTH DATA ELEMENTS--GENERAL INFORMATION
fixed length control field 210920b |||||||| |||| 00| 0 eng d
020 ## - INTERNATIONAL STANDARD BOOK NUMBER
International Standard Book Number 0534507522
040 ## - CATALOGING SOURCE
Transcribing agency HU
082 ## - DEWEY DECIMAL CLASSIFICATION NUMBER
Classification number 150/VAN
100 ## - MAIN ENTRY--PERSONAL NAME
Personal name DONNA VANDERGRIFT
9 (RLIN) 4905
245 ## - TITLE STATEMENT
Title ALTEENATIVE TEST BANK FOR WEITEN'S PSYCHOLOGY THEMES AND VARIATIONS
250 ## - EDITION STATEMENT
Edition statement 7TH
260 ## - PUBLICATION, DISTRIBUTION, ETC.
Place of publication, distribution, etc. AMERICA
Name of publisher, distributor, etc. WADSWORTH
Date of publication, distribution, etc. 2002
300 ## - PHYSICAL DESCRIPTION
Extent 239P
942 ## - ADDED ENTRY ELEMENTS (KOHA)
Source of classification or shelving scheme Dewey Decimal Classification
Koha item type Books like text book referance book
Suppress in OPAC No
Holdings
Withdrawn status Lost status Source of classification or shelving scheme Damaged status Not for loan Home library Current library Shelving location Date acquired Total Checkouts Full call number Barcode Date last seen Copy number Price effective from Koha item type
    Dewey Decimal Classification     Social Library Social Library General Stacks 09/20/2021   150/VAN SHLIB00009853 09/20/2021 1 09/20/2021 Books like text book referance book